Countries that were Owned by the UK - Sudden Death - Statistics

General Stats
  • This quiz has been taken 78 times
  • The average score is 6 of 20
Answers on the Grid
Answers color-coded by a green-red scale on the quiz's grid according to % correct below.
Albania
Angola
Antigua and Barbuda
Armenia
Belarus
Belgium
Belize
Bhutan
Cambodia
Central African Republic
Comoros
Cyprus
East Timor
Eritrea
Ghana
Guinea Bissau
Haiti
Honduras
Iceland
Ireland
Liberia
Malaysia
Maldives
Marshall Islands
Mauritania
Mongolia
Namibia
Oman
Qatar
Romania
Sierra Leone
Singapore
Malta
Taiwan
Tajikstan
Tanzania
The Gambia
Togo
Vanuatu
Vietnam
 
Answer Stats
Answer % Correct
Antigua and Barbuda
63%
Belize
55%
Ireland
55%
Singapore
42%
Cyprus
40%
Malaysia
37%
Ghana
35%
Malta
35%
Tanzania
28%
The Gambia
28%
Maldives
27%
Vanuatu
23%
Qatar
20%
Namibia
17%
Oman
17%
Sierra Leone
13%
Comoros
8%
Iceland
8%
Togo
8%
Eritrea
5%
No matching quizzes found
Score Distribution
Percent of People with Each Score
Percentile by Number Answered
Your Score History
You have not taken this quiz